000 00769nam a22002297a 4500
999 _c145
_d145
003 AR-CdUCM
008 190221b ||||| |||| 00| 0 spa d
040 _aMUNICIPALIDAD PROVINCIAL DEL CUSCO
_cBIBLIOTECA MUNICIPAL DEL CUSCO
041 _hspa
082 _a869.569 /
_bC33
100 _aCastañon, J
_9690
245 _aPasión por Vallejo /
_cCastañon, J
260 _aLima :
_bBiblioteca Nacional del Peru ,
_c1988.
300 _a112 paginas ;
_c21cm.
505 _aEmociones primeras -- Poemas familiares -- Poemas de escudo -- La sentencia del poeta -- Discurso poetico
650 _avida de vallejo
_9691
650 _aobra de vallejo
_9692
650 _asiglo XX
_9556
700 _aGonzales, Carlos
_9693
942 _2ddc
_cLIBROS
945 _apjha
_d2019-02-21